00688nai a2200169Ia 4500003000900000008004100009022002200050022002300072040001600095245007700111260008600188310001200274362002700286521006900313650004600382856009000428IN-BaIIA211028c9999 xx s 000 0 eng d a1549-7747 (Print) a1558-3791 (Online) cIIA Library 0aIEEE Transactions on Circuits and Systems II: Express Briefsh[eJournal] aNew York, USAbThe Institute of Electrical and Electronics Engineers, Inc. (IEEE) aMonthly a51(1); 2004 - Present  bSubscribed through National Knowledge Resource Consortium (NKRC) aComponents, Circuits, Devices and Systems uhttps://ieeexplore.ieee.org/servlet/opac?punumber=8920yClick Here to Access eJournal